Villes de Loire-Atlantique (44) - Statistiques

Statistiques générales
  • Ce quiz a été pris 196 fois
  • Le résultat moyen est 6 sur 16
Statistiques - réponses
Par images Réponse % Correct
Saint-Nazaire
99%
Nantes
95%
La Baule
81%
Pornic
79%
Basse-Goulaine
41%
Le Croisic
38%
La Boissière-du-Doré
32%
Thouaré-sur-Loire
30%
Oudon
29%
Saint-Sébastien-sur-Loire
27%
La Chapelle-Basse-Mer
20%
Vallet
17%
Saint-Julien-de-Concelles
9%
Le Loroux-Bottereau
6%
Le Landreau
5%
La Remaudière
3%
Aucun quiz correspondant
Distribution des résultats
% des personnes avec chaque résultat
Percentile par nombre de réponses
Votre historique - résultats
Vous n’avez pas pris ce quiz